<?xml version="1.0" encoding="UTF-8"?>
<record
    xmlns:xsi="http://www.w3.org/2001/XMLSchema-instance"
    xsi:schemaLocation="http://www.loc.gov/MARC21/slim http://www.loc.gov/standards/marcxml/schema/MARC21slim.xsd"
    xmlns="http://www.loc.gov/MARC21/slim">

  <leader>08267nam a2200337 a 4500</leader>
  <controlfield tag="001">000020458</controlfield>
  <controlfield tag="003">DO-SdBPM</controlfield>
  <controlfield tag="005">20260210104528.0</controlfield>
  <controlfield tag="007">ta</controlfield>
  <controlfield tag="008">110126s2015    dr       000 0 spa d</controlfield>
  <datafield tag="020" ind1=" " ind2=" ">
    <subfield code="a">9789945082890</subfield>
  </datafield>
  <datafield tag="040" ind1=" " ind2=" ">
    <subfield code="a">DO-SdBPM</subfield>
    <subfield code="b">spa</subfield>
    <subfield code="c">BPMSU </subfield>
    <subfield code="e">rda</subfield>
  </datafield>
  <datafield tag="082" ind1=" " ind2="4">
    <subfield code="a">RD861.44</subfield>
    <subfield code="b">M878a, 2015</subfield>
    <subfield code="2">22</subfield>
  </datafield>
  <datafield tag="100" ind1=" " ind2=" ">
    <subfield code="a">Morrison, Mateo </subfield>
    <subfield code="d">1947-</subfield>
    <subfield code="e">autor </subfield>
    <subfield code="4">aut. </subfield>
  </datafield>
  <datafield tag="245" ind1="1" ind2="0">
    <subfield code="a">Mateo Morrison :</subfield>
    <subfield code="b">antolog&#xED;a po&#xE9;tica /</subfield>
    <subfield code="c">edici&#xF3;n Zaymis Mej&#xED;a. selecci&#xF3;n de textos y el pr&#xF3;logo Jos&#xE9; &#xC1;ngel Bratini </subfield>
  </datafield>
  <datafield tag="250" ind1=" " ind2=" ">
    <subfield code="a">2a ed., corr. y ampl.</subfield>
  </datafield>
  <datafield tag="264" ind1=" " ind2=" ">
    <subfield code="a">Santo Domingo :</subfield>
    <subfield code="b">Editora B&#xFA;ho,</subfield>
    <subfield code="c">2015.</subfield>
  </datafield>
  <datafield tag="300" ind1=" " ind2=" ">
    <subfield code="a">525 p&#xE1;ginas  ;</subfield>
    <subfield code="c">23 cm.</subfield>
  </datafield>
  <datafield tag="336" ind1=" " ind2=" ">
    <subfield code="a">texto</subfield>
    <subfield code="b">txt</subfield>
    <subfield code="2">rdacontent</subfield>
  </datafield>
  <datafield tag="337" ind1=" " ind2=" ">
    <subfield code="a">sin mediaci&#xF3;n </subfield>
    <subfield code="b">n</subfield>
    <subfield code="2">rdamedia </subfield>
  </datafield>
  <datafield tag="338" ind1=" " ind2=" ">
    <subfield code="a">volumen </subfield>
    <subfield code="b">nc</subfield>
    <subfield code="2">rdacarrier </subfield>
  </datafield>
  <datafield tag="504" ind1=" " ind2=" ">
    <subfield code="a">Bibliograf&#xED;a: p&#xE1;ginas 523-525</subfield>
  </datafield>
  <datafield tag="505" ind1="0" ind2=" ">
    <subfield code="a">Madre-la esperanza, 15.-- La ciudad post-guerra, 16.-- Antes de que se inventara el tiempo, 17.-- Intento destronar el mar, 18.-- Ciudad colonial - Amor, 19.-- Visiones del transe&#xFA;nte, 27.-- La ciudad no perdona el desaf&#xED;o de sus luces, 39.-- La muchacha que aprehend&#xED;a el sendero, 40.-- Iniciaci&#xF3;n del sobresalto, 42.-- Maestra, 44.-- S&#xE1;banas encendidas tras tu cuerpo, 45.-- Breves visiones, 46.-- Prostitura, 47.-- Sem&#xE1;foro, 48.-- Evasi&#xF3;n, 49.-- Si la casa se llena de sombras, 50.-- De tu otra estaci&#xF3;n, 60.-- Sandalias trotando por las calles, 70.-- Dibujo del entorno, 91.-- El rostro oculto se multiplica, 92.--Las palabras est&#xE1;n ah&#xED;, 93.-- Los espejos no podr&#xE1;n reflejar, 94.-- Desdimensionando las cosas se dimensiona al hombre, 95.-- Construcci&#xF3;n de colores con elementos nobles, 96.-- Sembrando el lienzo en medio de la tierra, 97.-- Presentada la luz, 98.-- Trazado el contorno de la imagen, 99.-- Dif&#xED;cil equilibrio, 100.-- Nadie tendr&#xE1; pretextos, 101.-- La escultura del viento ya est&#xE1; hecha, 102.--No solo queda la contemplaci&#xF3;n, 103.-- Debajo de la superficie de la idea, 104.-- Mi retina y mis manos, 105.-- El tiempo de escribir, de pintar, 106.-- La libertad del viento con sus alas, 107.-- Llameante, 108.-- El espejo, 109.-- Nocturnidad del viento, 111.-- Alicia Alonso, 127.-- Una ciudad posible, 128.-- Carnaval, 129.-- Sor Juana, 130.-- A prop&#xF3;sito del cementerio marino, 132.-- Blancor de las palabras (A prop&#xF3;sito de Octavio Paz), 133.-- II, 134.-- Emoci&#xF3;n por las islas, 135.-- Desafiando el tiempo, 136.-- Emily Dickinson, 137.-- Cotidianidad, 138.-- Evocaci&#xF3;n de la nostalg&#xED;a, 139.-- Instante de la muerte, 140.-- Decisi&#xF3;n, 141.-- &#xDA;ltima visita al hospital infantil, 142.-- Receta para ser correctamente antologado por un escritor de la post-modernidad, 143.-- Cansado de sostener, 144.-- La escena de la muerte, 146.-- Soliloquio desnudo, 147.-- Espasmos en la noche, 151.-- La c&#xE1;mara me observa, 154.-- Los ejercicios, 156.-- Dec&#xE1;logo reflexivo, 157.-- Inmadurez, 158.-- Elementos para un dibujo, 159.-- Dormitando en la avenida, 160.-- Reuni&#xF3;n de m&#xE1;scaras, 161.-- B&#xFA;squeda, 162.-- Retornar a tu vientre, 163.-- Preocupaci&#xF3;n por los huesos, 164.-- Egbert, 165.-- Nada m&#xE1;s, 166.-- Los sobrevivientes, 167.-- De amores derruidos, 168.-- Primer sue&#xF1;o, 169.-- Los dos mares, 170.-- La m&#xFA;sica en tu cuerpo, 171.-- Los &#xE1;ngeles de Mieses, 172.-- Almuerzo de estrellas, 173.-- En la esquina del viento, 174.-- Otro homenaje, 175.-- Colores de la muerte, 176.-- Un im&#xE1;n en la sombra, 177.--La mujer que se viste, 178.-- Cuando nac&#xED;, 179.-- Este aposento, 181.-- Los sonidos que alientan, 182.-- Dorothy Dandridge, 183.-- Quietud en los colores, 187.-- La timidez me impidi&#xF3; ver tus senos cuando nac&#xED;an, 188.-- Est&#xE1;tico en la memoria, 189.-- Hoy me he detenido en la playa, 191.-- Debes rezar, 192.-- No conozco bien estos lugares, 193.-- Tropezar con la misma piedra, 194.-- Aplastado el insecto, 195.-- S&#xF3;crates no huy&#xF3;, 196.-- Haberme sentado en tus rodillas, 197.-- El metro, 198.-- Calaveras, 199.-- La esencia de la m&#xFA;sica de Bob Marley, 200.-- Desde el &#xE1;tomo gris, 201.-- El abrazo de las sombras, 202.-- Pasajero del aire, 222.-- Passager de l`air, 230.-- Passeggero dell`aria, 239.-- Passageiro do ar, 247.-- Passenger of the air, 255.-- Tempestad del silencio, 263.-- Textos innombrados, 265.-- 1, 267.-- 2, 269.-- 3, 271.-- 4, 272.-- 5, 273.-- 6, 274.-- 7, 275.-- 8, 276.-- 9, 277.-- 10, 278.-- 11, 279.-- 12, 280.-- 13, 281.-- 14, 282.-- 15, 283.-- 16, 284.-- 17, 285.-- 18, 286.-- 19, 287.-- 20, 288.-- 21, 289.-- 22, 290.-- 23, 291.-- 24, 292.-- 25, 293.-- 26, 294.-- 27, 295.-- 28, 296.-- 29, 297.-- 30, 298.-- 31, 299.-- Diversas valoraciones de la obra po&#xE9;tica de Mateo Morrison, 301.-- 30 a&#xF1;os de poes&#xED;a de Mateo Morrison / Lupo Hern&#xE1;ndez Rueda, 303.-- 30 a&#xF1;os de poes&#xED;a y otros escritos, antolog&#xED;a de dolores, luchas y amores infinitos / Sabrina Rom&#xE1;n, 309.-- Mateo Morrison : cultura y poes&#xED;a como singular apostolado / Fernando Cabrera, 317.-- Mateo Morrison, malabarista de la palabra y la cultura / Emilia Pereyra, 321.-- La poes&#xED;a dominicana en el siglo XX / Alberto Baeza Flores, 325.-- Para leer a Mateo Morrison / Jos&#xE9; Rafael Lantigua, 331.-- Acercamiento a la poes&#xED;a de Mateo Morrison / Lilianne P&#xE9;rez Marchand, 335.-- Mateo Morrison : de la posguerra al amor / Marcio Veloz Maggiolo, 341.-- Pr&#xF3;logo a la edici&#xF3;n en ingl&#xE9;s de Aniversario del dolor / Rosemary Mealy, 347.-- El retorno del transe&#xFA;nte o la reflexi&#xF3;n de una &#xE9;poca / Franklin Guti&#xE9;rrez, 351.-- Viaje est&#xE9;tico : del gesto social a la imagen l&#xFA;dica / C&#xE9;sar Augusto Zapata, 357.-- Mateo Morrison : la poes&#xED;a como experiencia vivida / Enrique Eusebio, 365.-- Mateo Morrison : la grandeza de sus versos y la generosidad de su coraz&#xF3;n / Tony Raful, 369.-- Mateo Morrison ante la cr&#xED;tica / Adri&#xE1;n Javier, 373.-- Nocturnidad del viento / Nocturnidad trascendente / Jos&#xE9; Bobadilla, 377.-- Ojos de madre, vientos de guerra / A prop&#xF3;sito de Mateo Moriison en la serie poetas en sus propias voces / &#xC1;ngela Hern&#xE1;ndez N&#xFA;nez, 391.-- Mateo Morrison o la r&#xFA;brica del desvelo / Jos&#xE9; Rafael Lantigua, 399.-- La alborada verbal de Mateo Morrison / Tony Raful, 405.-- Mateo Morrison : el abrazo de las sombras (tr&#xE1;nsito hacia el yo) / Federico Jovine Berm&#xFA;dez, 413.-- Sombras del abrazo / Ivonne S&#xE1;nchez Barea, 423.-- Viaje por la semi&#xF3;tica de algunos poemas de Espasmos en la noche, de Mateo Morrison / Tom&#xE1;s Modesto Gal&#xE1;n, 427.-- Mateo Morrison : pasajero de las palabras / Miguel An&#xED;bal Perdomo, 431.-- Espasmos en la noche / Ibeth Guzm&#xE1;n, 435.-- Psicoan&#xE1;lisis de Mateo Morrison (A prop&#xF3;sito de Est&#xE1;tico en la memoria y otros textos) / Jorge Pi&#xF1;a, 437.-- Vuelo l&#xED;rico hacia la consciencia de la humanidad / Eduardo Gautreau de Windt, 445.-- Mateo Morrison : renovada curiosidad / Pedro Granados, 451.-- A prop&#xF3;sito de la poes&#xED;a de Mateo Morrison / Valent&#xED;n Amaro, 453.-- Cuerpo, casa y ciudad : un mismo centro. Sobre Las palabras est&#xE1;n ah&#xED;..., de Mateo Morrison / Claudia Hern&#xE1;ndez de Valle-Arizpe, 459.-- Palabras del escritor Carlos Reyes, del c&#xED;rculo literario de Valverde Mao en la puesta en circulaci&#xF3;n del libro Las palabras est&#xE1;n ah&#xED;.../ Carlos Reyes, 463.-- Poes&#xED;a e identidad en Mateo Morrison / Teresa Zald&#xED;var Zald&#xED;var, 467.-- La obra fecunda de Mateo Morrison / Rafael Pineda, 481.-- Mateo Morrison y la ansilaridad sostenible y coherente : Las palabras est&#xE1;n ah&#xED;... / Jos&#xE9; Roberto Ram&#xED;rez, 485.-- El escape alumbrado (A prop&#xF3;sito de Pasajero del aire de Mateo Morrison / Adri&#xE1;n Javier, 495.-- Morrison, un vuelo distinto / Jos&#xE9; &#xC1;ngel Mercedes Bratini, 499.-- Tempestad del silencio de Mateo Morrison : la mudez sonora en los versos tormentosos / Orly Diane Rodr&#xED;guez, 503.-- La enigm&#xE1;tica danza de las palabras y sus sombras en la r&#xED;tmica &#xA8;Tempestad del silencio&#xA8; de Mateo Morrison / Jennet Tineo, 511.-- La tempestad del silencio, un equilibrio que induce a la ca&#xED;da / Jos&#xE9; Alberto Beltr&#xE1;n, 515.-- Biograf&#xED;a, 517.-- Bibliograf&#xED;a activa, 521.-- Bibliograf&#xED;a pasiva, 523.</subfield>
  </datafield>
  <datafield tag="590" ind1=" " ind2=" ">
    <subfield code="a">Inventariado, 2026/VM</subfield>
  </datafield>
  <datafield tag="600" ind1="1" ind2="7">
    <subfield code="a">Morrison, Mateo,</subfield>
    <subfield code="d">1947-</subfield>
    <subfield code="v">Cr&#xED;tica e interpretaci&#xF3;n </subfield>
  </datafield>
  <datafield tag="650" ind1=" " ind2="7">
    <subfield code="a">Poes&#xED;a dominicana </subfield>
    <subfield code="v">Colecci&#xF3;n </subfield>
  </datafield>
  <datafield tag="650" ind1=" " ind2="7">
    <subfield code="a">Literatura  dominicana </subfield>
    <subfield code="x">Cr&#xED;tica e interpretaci&#xF3;n</subfield>
    <subfield code="v"> </subfield>
  </datafield>
  <datafield tag="700" ind1="1" ind2=" ">
    <subfield code="a">Mej&#xED;a, Zaymis,</subfield>
    <subfield code="e">editor</subfield>
    <subfield code="q"> </subfield>
  </datafield>
  <datafield tag="910" ind1=" " ind2=" ">
    <subfield code="a">VMateo V. Control de calidad BPMSU </subfield>
  </datafield>
  <datafield tag="942" ind1=" " ind2=" ">
    <subfield code="2">ddc</subfield>
    <subfield code="c">BK</subfield>
  </datafield>
  <datafield tag="952" ind1=" " ind2=" ">
    <subfield code="0">0</subfield>
    <subfield code="1">0</subfield>
    <subfield code="2">ddc</subfield>
    <subfield code="7">0</subfield>
    <subfield code="8">CD</subfield>
    <subfield code="a">BPMET</subfield>
    <subfield code="b">BPMET</subfield>
    <subfield code="d">2017-10-18</subfield>
    <subfield code="e">Donado por B&#xFA;ho</subfield>
    <subfield code="l">0</subfield>
    <subfield code="o">BPMSU CD RD861.44 M878a, 2015</subfield>
    <subfield code="p">BPMSU17100056</subfield>
    <subfield code="r">2017-10-18</subfield>
    <subfield code="w">2017-10-18</subfield>
    <subfield code="y">BK</subfield>
  </datafield>
  <datafield tag="999" ind1=" " ind2=" ">
    <subfield code="c">12629</subfield>
    <subfield code="d">12629</subfield>
  </datafield>
</record>
